Οι περιπέτειες της νεότητας : η αντίθεση των γενεών στην ελληνική πεζογραφία (1890-1945)
Αποθηκεύτηκε σε:
| Κύριος συγγραφέας: | |
|---|---|
| Μορφή: | Βιβλίο |
| Γλώσσα: | Greek |
| Δημοσίευση: |
Αθήνα :
Καστανιώτης,
1995.
|
| Θέματα: | |
| Ετικέτες: |
Προσθήκη ετικέτας
Δεν υπάρχουν, Καταχωρήστε ετικέτα πρώτοι!
|
MARC
| LEADER | 00000nam a2200000 i 4500 | ||
|---|---|---|---|
| 001 | 1/75407 | ||
| 008 | 980625s1995####gr 00| | gre|| | ||
| 020 | |a 9600314535 | ||
| 035 | |l 10032117 | ||
| 040 | |a GR-MY-UA |b gre |e aacr | ||
| 041 | 0 | |a gre | |
| 082 | 0 | |a 889.301 | |
| 100 | 1 | |a Καστρινάκη, Αγγέλα, |d 1961- | |
| 245 | 1 | 3 | |a Οι περιπέτειες της νεότητας : |b η αντίθεση των γενεών στην ελληνική πεζογραφία (1890-1945) / |c Καστρινάκη Αγγέλα. |
| 260 | |a Αθήνα : |b Καστανιώτης, |c 1995. | ||
| 300 | |a 500 σ. | ||
| 650 | 0 | |a Youth in literature. | |
| 650 | 0 | 0 | |a Greek fiction, Modern |y 19th century |x History and criticism. |
| 650 | 0 | 0 | |a Greek fiction, Modern |y 20th century |x History and criticism. |
| 650 | 0 | 0 | |a Greek prose literature |x History and criticism. |
| 852 | |a INST |b LESVOS |c EUDOXUS |e 20170823 |h 305.24309495 ΚΑΣ |p 005100059759 |q 005100059759 |t BK |y 0 | ||
| 852 | |a INST |b RHODES |e 19980625 |h 889.301 ΚΑΣ |p 005400006198 |q 005400006198 |t BK |y 0 | ||
| 901 | |a BIBL-1998-2 | ||
| 909 | |a Ρ |b 053476 | ||
| 920 | |a Εύδοξος |b Παραγγελία |y Λέσβος-ΤΚΑΙ |z 2017-05 | ||
| 922 | |a 4ΕΛΗ |b 199802 |c ΚΠΣ/Ν |d EMVASIS | ||
| 970 | |z 2000/08/ΔΕΜΕΝΑΓΑΣ ΠΕΤΡΟΣ | ||